Religion Quiz

Random Religion or Verse Quiz

Bible Quiz - 11 26 2017 Stats

 Plays Quiz not verified by Sporcle

Support Sporcle.
Go Orange.
Score 0/7 Timer 02:00
0 Plays Today
Hint Answer % Correct
What did Jesus change into wine at a wedding?water
93.8%
What relative did Abraham tell Pharaoh his wife Sarah was to protect himself?sister
81.3%
What was the name of the man from Arimthea who asked for the body of Jesus?Joseph
81.3%
Which book in the Bible follows Acts?Romans
68.8%
When people complained about Jesus eating with sinners, he told them that well people don't need a doctor but who does?sick
68.8%
To what tribe of people did Samson and Delilah belong?Philistines
43.8%
What did Peter do with his sword to a servant of the high priest when Jesus was arrested?cut off his ear
43.8%

You're not logged in!

Compare scores with friends on all Sporcle quizzes.
OR
Log In

From the Vault

Remove Ads.
Support Sporcle.
Get the best of Sporcle when you Go Orange. This ad-free experience offers more features, more stats, and more fun while also helping to support Sporcle. Thank you for becoming a member.

Show Comments

Extras

Created Nov 26, 2017ReportNominate
Tags:Bible Quiz, Verse Quiz, 2017

Top Quizzes Today


Score Distribution

Your Account Isn't Verified!

In order to create a playlist on Sporcle, you need to verify the email address you used during registration. Go to your Sporcle Settings to finish the process.

Report this User

Report this user for behavior that violates our Community Guidelines.

Details: